فهـرس مكتبـة معهد التخطيـط Institute of National Planning Catalog

African Development Indicators 2002 / (رقم التسجيلة. 5237)

تفاصيل مارك
000 -LEADER
fixed length control field nam a22 7a 4500
003 - CONTROL NUMBER IDENTIFIER
control field INP
005 - DATE AND TIME OF LATEST TRANSACTION
control field 20181031112237.0
008 - FIXED-LENGTH DATA ELEMENTS--GENERAL INFORMATION
fixed length control field 180225b2002 wauoab|fr|||| 00| 0 eng d
020 ## - INTERNATIONAL STANDARD BOOK NUMBER
International Standard Book Number 0821350579
040 ## - CATALOGING SOURCE
Original cataloging agency EG-INP
Language of cataloging eng
Transcribing agency EG-INP
082 04 - DEWEY DECIMAL CLASSIFICATION NUMBER
Edition number 21
Classification number 338.09
Item number a f
110 2# - MAIN ENTRY--CORPORATE NAME
Corporate name or jurisdiction name as entry element World Bank.
245 10 - TITLE STATEMENT
Title African Development Indicators 2002 /
Statement of responsibility, etc. World Bank.
260 ## - PUBLICATION, DISTRIBUTION, ETC.
Place of publication, distribution, etc. Washington :
Name of publisher, distributor, etc. the international bank for reconstruction and development,
Date of publication, distribution, etc. 2002.
300 ## - PHYSICAL DESCRIPTION
Extent 376 p. :
Other physical details ill ;
Dimensions 24 cm.
520 ## - SUMMARY, ETC.
Summary, etc. This volume presents data from 53 African countries, arranged in separate tables or matrices for more than 500 development indicators. The indicators are grouped into 14 chapters: background data, national accounts, prices and exchange rates, money and banking, the external sector, external debt and related flows, government finance, agriculture, power, communications and transportation, public enterprises, labor force and employment, aid flows, social indicators, and environmental indicators. Each chapter begins with a brief introduction on the nature of the data and their limitations, followed by a set of charts, statistical tables, and technical notes that define the indicators and identify their specific source.
653 #0 - INDEX TERM--UNCONTROLLED
Uncontrolled term Economists.
653 #0 - INDEX TERM--UNCONTROLLED
Uncontrolled term north Africa.
653 #0 - INDEX TERM--UNCONTROLLED
Uncontrolled term development programs.
653 #0 - INDEX TERM--UNCONTROLLED
Uncontrolled term international agencies.
653 #0 - INDEX TERM--UNCONTROLLED
Uncontrolled term development.
901 ## - Cataloger Code
a EGPV1
903 ## - original or copycat
a original
942 ## - ADDED ENTRY ELEMENTS (KOHA)
Source of classification or shelving scheme Dewey Decimal Classification
Koha item type مطبوعات المنظمات الدولية
المقتنيات
Withdrawn status Lost status Source of classification or shelving scheme Damaged status Not for loan Collection code Home library Current library Shelving location Date acquired Total Checkouts Full call number Barcode Date last seen Price effective from Koha item type
    Dewey Decimal Classification       Library INP Library INP Journals Hall 31/10/2018   338.09 a f 019191 28/03/2022 31/10/2018 مطبوعات المنظمات الدولية
    Dewey Decimal Classification       Library INP Library INP Journals Hall 04/11/2018   338.09 a f 019390 28/03/2022 04/11/2018 مطبوعات المنظمات الدولية